00566nam a2200205Ia 4500003000400000005001700004008004100021020001800062040000700080041000800087082001300095100002500108245003300133260001700166300000900183650002300192942001300215999001900228952011300247OSt20251121151545.0250729s1943 xx 000 0 und d a9780521396424 cAL aeng a150 OLDP aOldfield R C9224679 a Psychology of the interview aLondonc1943 a144p aPsychology9224680 2ddccBED c236532d236532 00104070aALbALd2025-07-29eManagement Booksl0o150 OLDPpBED01851r2025-07-29 16:54:54w2025-07-29yBK